| 000 | 02003cam a22004334i 4500 | ||
|---|---|---|---|
| 003 | PE-LiUPU | ||
| 005 | 20250731183426.0 | ||
| 008 | 150616s r 000 0 d | ||
| 020 | _a968243226X | ||
| 035 | _a(Sirsi) i9789682432262 | ||
| 040 |
_aPE-LiUPU _bspa _cPE-LiUPU _erda |
||
| 049 | _aPRUA | ||
| 082 | 0 | 4 |
_a729.32621 _bW55 _221 |
| 100 | 1 |
_aWhite, Edward T., _eautor. |
|
| 245 | 1 | 0 |
_aSistemas de ordenamiento : _bintroducción al proyecto arquitectónico / _cEdward T. White ; tr. Federico Patán López. |
| 264 | 1 |
_aMéxico : _bTrillas, _c1991. |
|
| 300 |
_a108 páginas : _bilustraciones ; _c21 centímetros |
||
| 336 |
_atext _2rdacontent |
||
| 337 |
_aunmediated _2rdamedia |
||
| 338 |
_avolume _2rdacarrier |
||
| 505 | 0 | _aConcepto de ordenamiento -- Función -- Espacio -- Geometría -- Contexto -- Limitaciones -- Síntesis. | |
| 526 | _aP158 | ||
| 526 | _aP146 | ||
| 526 | _aP17 | ||
| 526 | _aP12 | ||
| 526 | _aP06 | ||
| 650 | 0 | 4 | _aDecoración y ornamentación arquitectónica. |
| 700 | 1 |
_aPatán López, Federico, _d1937-, _etraductor. |
|
| 910 |
_ajck _bjvq _cjck |
||
| 942 |
_2ddc _cBOOK |
||
| 949 |
_a729.32621 W55 _wDEWEY _c1 _i34335 _d2016-11-17 _e2016-11-17 _lCCODEBUL1 _mBUL _n6 _r0 _sY _tBOOK _u2015-6-16 _xINGENIERIA _zUNKNOWN _0COMPRA _o.STAFF. Colección General |
||
| 949 |
_a729.32621 W55 _wDEWEY _c2 _i34336 _d2016-11-6 _e2016-11-3 _lCCODEBUL1 _mBUL _n2 _r0 _sY _tBOOK _u2015-6-16 _xINGENIERIA _zUNKNOWN _0COMPRA _o.STAFF. Colección General |
||
| 994 |
_aC0 _bPEPRU |
||
| 596 | _a1 | ||
| 999 |
_a729.32621 W55 _wDEWEY _c51188 _i34335 _d51188 _e2016-11-17 _f2021-11-10 _g7 _lCCODEBUL1 _mBUL _n6 _r0 _sY _tBOOK _u2015-6-16 _xINGENIERIA _zUNKNOWN _0COMPRA _o.STAFF. Colección General |
||
| 999 |
_a729.32621 W55 _wDEWEY _c2 _i34336 _d2018-6-13 _e2018-5-25 _f2021-11-10 _g7 _lCCODEBUL1 _mBUL _n3 _q3 _r0 _sY _tBOOK _u2015-6-16 _xINGENIERIA _zUNKNOWN _0COMPRA _o.STAFF. Colección General |
||
| 980 |
_81 _gALBERTO SANCHEZ Responsable de Automatización |
||